000 00271nam a2200109Ia 4500
008 220204s9999 xx 000 0 und d
082 _a301
_bFER
100 _aFerrar, T A
245 0 _aUrban costs of climate modification
260 _aNew York
_bWiley
_c1976
942 _cBK
999 _c25617
_d25617